000 00470cam a22001815a 4500
001 L158335
008 140516s2014 xxk f 000 0 eng d
035 _a(Sirsi) u158335
041 0 _aeng
110 2 _aRoyal Institution of Chartered Surveyors
_94900
245 0 0 _aRICS and Open House London 2014
260 _aLondon
_cRICS
_b2014
520 _aLeaflet for Open House London 2014.
590 _aKA
651 4 _aInternational
690 _aDESIGN
942 _n0
999 _c115271
_d115271